Teória riadenia [statická optimalizácia - príklady] : učebná pomôcka na Elektrotechnickej fakulte SVŠT 5. roč. odbor technická kybernetika

Bibliographic Details
Main Author: Hrivňák, Juraj, 1930- (Author)
Format: Book
Language:Slovak
PhysicalDescription:71 s. grafy, sch., tab. 4°
Published: Bratislava Slovenská vysoká škola technická 1969
Edition:[1.] vyd.
Subjects:

MARC

LEADER 00000cam a2200000 a 4500
001 vtls008308548
003 SK-MaSNL
005 20260301074842.0
008 230403s1969 xo a e 000 0 slo
015 |a SNBA1970/01-00092 
035 |a SK01SNK19700000765 
035 |a urn:nbn:sk:snk-amkwe3 
035 |a urn:nbn:sk:snk-am00837x 
035 |a EC618628-16FF-49FA-9093-68857FAA88FB 
035 |a SKM000003228 
040 |a SNK  |b slo  |c SNK  |e AACR2 
041 0 |a slo 
044 |a xo  |c SK 
080 |a 681.5(075.8)  |2 1981 
100 1 |a Hrivňák, Juraj,  |d 1930-  |4 aut  |9 8642 
245 1 0 |a Teória riadenia  |b [statická optimalizácia - príklady] : učebná pomôcka na Elektrotechnickej fakulte SVŠT 5. roč. odbor technická kybernetika  |c Juraj Hrivňák 
250 |a [1.] vyd. 
260 |a Bratislava  |b Slovenská vysoká škola technická  |c 1969 
300 |a 71 s.  |b grafy, sch., tab.  |c 4° 
366 |e 150 výt. 
504 |a Bibliogr. odkazy 
650 0 7 |a riadenie  |2 SNKPH  |9 924 
650 0 7 |a optimalizácia  |2 SNKPH  |9 22407 
650 0 7 |a statika  |2 SNKPH  |9 30414 
655 7 |a učebnice vysokých škôl  |2 SNKPH  |9 70191 
852 |a Slovenská národná knižnica 
954 |a odborná, vedecká literatúra pôvodná (slovenská)  |2 lita 
958 |a OND 
958 |a NB 
958 |a EUIPO 
999 |c 648439  |d 650369 
952 |a SNK  |b SNK  |y PREZ  |7 0  |p 17A0840936  |o snkSB 15669  |i snkKSP 1549/70  |0 0  |1 0  |4 0  |d 2015-01-09  |f 1  |l 0  |r 2025-03-17 00:00:00  |w 2026-02-23 
952 |a SNK  |b SNK  |y VYP  |7 0  |o snkSB 15669 D1  |i snkKSP 1550/70  |0 0  |1 0  |4 0  |d 2015-01-09  |l 0  |r 2026-02-23 18:14:21  |w 2026-02-23 
952 |a SNK  |b SNK  |y VYP  |7 0  |o snkSB 15669 D2  |i snkD 850/76  |0 0  |1 0  |4 0  |d 2015-01-09  |l 0  |r 2026-02-23 18:14:21  |w 2026-02-23